| 000 | 00748nam a22002417a 4500 | ||
|---|---|---|---|
| 005 | 20170124105934.0 | ||
| 010 | _aB-019401 | ||
| 020 |
_c00.00 _a8173913315 |
||
| 035 | _aB-019401 | ||
| 037 | _bCen Lib/Ret | ||
| 040 |
_aDPL _bEN |
||
| 082 |
_a301.0072 _bSOC |
||
| 245 |
_aSociologycal research : _cedited by Suchitra Deshprabhu _bapproaches, techniques and applications / |
||
| 246 | _b | ||
| 260 |
_bKanishka Publishers _c2000 _aNew Delhi |
||
| 270 |
_bNew Delhi _a4697/5-21A, Ansari Road, Darya Ganj _e110002 |
||
| 300 |
_avi,285p. _c22cm(Hb) |
||
| 500 | _aIncludes index | ||
| 650 |
_aSociology _99300 |
||
| 650 |
_aSocial policy _98412 |
||
| 700 |
_aDeshprabhu, Suchitra _99301 |
||
| 942 |
_2ddc _cEN _h301.0072 _mSOC |
||
| 999 |
_c124104 _d124104 |
||